000 00536nam a2200181Ia 4500
008 090124s9999 xx 000 0 und d
082 _b20986
100 _aबनहट्टी गोपाळ
245 _a नरसम्राट
250 _a1
260 _bपरिमल प्रकाशन
_c1983
300 _a87
600 _aबनहट्टी गोपाळ
630 _a नरसम्राट
700 _aबनहट्टी गोपाळ
730 _a नरसम्राट
942 _cBOOK
999 _c91043
_d91043